Genes VI
Uloženo v:
| Hlavní autor: | |
|---|---|
| Médium: | Kniha |
| Jazyk: | angličtina |
| Vydáno: |
Oxford
Oxford University Press
1997
|
| Témata: | |
| Tagy: |
Přidat tag
Žádné tagy, Buďte první, kdo vytvoří štítek k tomuto záznamu!
|
MARC
| LEADER | 00000cam a2200000 a 4500 | ||
|---|---|---|---|
| 001 | UCQ2696 | ||
| 003 | CL-VaPUC | ||
| 005 | 20241023145544.0 | ||
| 008 | 980724e19970000UK |||||||||||||||||eng|d | ||
| 999 | |c 273468 |d 273466 | ||
| 040 | |c Pontificia Universidad Católica de Valparaíso | ||
| 082 | 0 | 4 | |a 576.5 LEW 1997 |2 21 |
| 100 | |a Lewin, Benjamin M |e author |9 552833 | ||
| 245 | 1 | 0 | |a Genes VI |
| 260 | 0 | 3 | |a Oxford |b Oxford University Press |c 1997 |
| 300 | |a 1260 páginas | ||
| 583 | |a last modification |c 20150302 12:35:53 |k Rodrigo Vera | ||
| 650 | 0 | |a Genes |9 330314 | |
| 650 | 0 | |a Genética |9 259443 | |
| 650 | 0 | |a Ácido desoxirribonucleico (ADN) |9 361158 | |
| 650 | 0 | |a Células |9 269548 | |
| 650 | 0 | |a Cáncer |9 315942 | |
| 650 | 7 | |a PROTEINAS |2 CL-VaPUC |9 416734 | |
| 650 | 0 | |a Biotecnología |9 259561 | |
| 650 | 7 | |a ONCOLOGIA |2 CL-VaPUC |9 315941 | |
| 942 | |c BK |2 ddc | ||
| 945 | |d 19980724 00:00:00 |a mvenant | ||
| 952 | |0 0 |1 0 |2 ddc |4 0 |6 576_500000000000000_LEW_1997 |7 0 |8 A |9 309042 |a BIBCUR |b BIBCUR |d 2019-11-20 |i 3447669 |o 576.5 LEW 1997 |p 3447669 |r 2025-04-22 |t 1 |w 2019-11-20 |y BK |k BCB | ||
| 952 | |0 0 |1 0 |2 ddc |4 0 |6 576_500000000000000_LEW_1997 |7 0 |8 A |9 309044 |a BIBCUR |b BIBCUR |d 2019-11-20 |i 3449645 |o 576.5 LEW 1997 |p 3449645 |r 2025-04-22 |t 3 |w 2019-11-20 |y BK |k BCB | ||
| 952 | |0 0 |1 0 |2 ddc |4 0 |6 576_500000000000000_LEW_1997 |7 0 |8 A |9 309045 |a BIBCUR |b BIBCUR |d 2019-11-20 |i 3543242 |o 576.5 LEW 1997 |p 3543242 |r 2025-04-22 |t 4 |w 2019-11-20 |y BK |k BCB | ||
| 952 | |0 0 |1 0 |2 ddc |4 0 |6 576_500000000000000_LEW_1997 |7 0 |8 A |9 309046 |a BIBCUR |b BIBCUR |d 2019-11-20 |i 3555097 |o 576.5 LEW 1997 |p 3555097 |r 2025-04-22 |t 5 |w 2019-11-20 |y BK |k BCB | ||
| 952 | |0 0 |1 0 |2 ddc |4 0 |6 576_500000000000000_LEW_1997 |7 0 |8 A |9 309047 |a BIBAGR |b BIBAGR |d 2019-11-20 |i 3609812 |l 1 |o 576.5 LEW 1997 |p 3609812 |r 2025-04-11 |s 2025-04-11 |t 7 |w 2019-11-20 |y BK |k AGR | ||
| 952 | |0 0 |1 0 |2 ddc |3 erb |4 0 |6 576_500000000000000_LEW_1997 |7 0 |8 A |9 309048 |a BIBCUR |b BIBCUR |i 5137780 |o 576.5 LEW 1997 |p 5137780 |r 2025-04-22 |t 6 |w 2019-11-20 |y BK |z Catalogado en:20150305 |k BIO | ||